Statistics for Prime Ministers of Sweden by Picture

Click here to take the quiz!

General Stats

  • This quiz has been taken 71 times
  • The average score is 9 of 16

Answer Stats

Answer% Correct
Olof Palme
95%
Stefan Löfven
95%
Carl Bildt
85%
Fredrick Reinfeldt
84%
Göran Persson
84%
Ingvar Carlsson
71%
Tage Erlander
68%
Thorbjörn Fälldin
61%
Per Albin Hansson
60%
Hjalmar Branting
58%
Ola Ullsten
45%
Karl Staaff
21%
Oscar Von Sydow
19%
Hjalmar Hammarskjöljd
16%
Louise De Geer
15%
Erik Gustaf Boström
10%

Score Distribution

Percentile by Number Answered

Percent of People with Each Score

Your Score History

You have not taken this quiz